Cisco DHCP Commands - Statistics

General Stats
  • This quiz has been taken 45 times
  • The average score is 4 of 20
Answer Stats
Hint Answer % Correct
Configure a DHCP Address Pool ip dhcp pool [VLAN_ID]
68%
Sets the Domain Name domain-name [domain]
53%
Sets the Network Address and Subnet Mask network [address] [mask]
42%
Excludes Addresses from DHCP ip dhcp excluded-address [start_ip] [end_ip]
37%
Sets the DNS Server (8 max) dns-server [server1_ip] [server2_ip]
32%
Sets the Default Gateway (8 max) default router [router_ip]
26%
Configure an Interface on a Cisco Device to use DHCP ip address dhcp
26%
Sets Lease Period (0-365) or Infinite lease [days]
21%
Enables DHCP service dhcp
21%
DHCP Address Pools Information show ip dhcp pool [pool_name]
21%
Displays Information about each IP Address Lease show ip dhcp binding
16%
Manually Bind Specific IP and Mask to Host host [address] [mask] / client-identifier [mac]
11%
Enables DHCP Relay Agent Feature ip helper-address [address]
11%
DHCP Server Statistics show ip dhcp server statistics
11%
Displays the DHCP Server Database Agent Information show ip dhcp database
5%
Clears the Address Conflict List clear ip dhcp conflict
0%
Stops DHCP Conflict Logging no ip dhcp conflict logging
0%
Controls Which Protocols are Forwarded no ip forward-protocol udp [port]
0%
Displays Default Domain Name, Server Hosts, Hostnames, and Lookup Service show hosts
0%
Displays IP Addresses with Conflicts and the Method of Discovery (Gratuitous ARP or Ping) show ip dhcp conflict
0%
No matching quizzes found
Score Distribution
Percent of People with Each Score
Percentile by Number Answered
Your Score History
You have not taken this quiz